000 00712nam a2200181Ia 4500
008 090630s9999 xx 000 0 und d
082 _b14443
100 _aरावजी आशु - कानडे दिनू.
245 _aदोन घडीचा डाव.
_cरावजी आशु - कानडे दिनू.
260 _bडॉल्फीन - गोवा.
_c1988
300 _a197
600 _aरावजी आशु - कानडे दिनू.
630 _aदोन घडीचा डाव.
655 _aकादंबरी.
700 _aरावजी आशु - कानडे दिनू.
730 _aदोन घडीचा डाव.
942 _cBOOK
999 _c266299
_d266299